000 00454 a2200157 4500
999 _c2317
_d2317
020 _a9780077121600
050 _aHF 5549 HOL 2010
100 _aHollinshead, Graham
110 _aauthor
245 _aInternational and comparative human resources management /
_cGraham Hollinshead
264 _aLondon
_bMcGraw- Hill
_c2010
300 _a247p.:
_bill.
500 _aInclude index
650 _aHuman resources management
942 _2lcc
_cBK
_h5549
_iHOL
_kHF